Treble Winners' Starting XI - Statistics

General Stats
  • This quiz has been taken 663 times
    374 since last reset
  • The average score is 68 of 79
Answer Stats
Player % Correct
Erling Haaland
99%
Gianluigi Donnarumma
99%
Lionel Messi
99%
Manuel Neuer
99%
Ousmane Dembele
99%
Robert Lewandowski
99%
Andres Iniesta
98%
Ederson
98%
Kevin De Bruyne
98%
Luis Suarez
98%
Neymar
98%
Rodri
98%
Achraf Hakimi
97%
Alphonso Davies
97%
David Alaba
96%
Phil Foden
96%
Ruben Dias
96%
Xavi Hernandez
96%
Bernardo Silva
95%
Desire Doue
95%
Ilkay Gundogan
95%
Ivan Rakitic
95%
Samuel Eto'o
95%
Sergio Busquets
95%
Vitinha
95%
Dani Alves
94%
Gerard Pique
94%
Julian Alvarez
94%
K. Kvaratskhelia
94%
Kyle Walker
94%
Manuel Akanji
94%
Nuno Mendes
94%
Marquinhos
93%
Arjen Robben
92%
Carles Puyol
92%
Franck Ribery
92%
Javier Mascherano
92%
Joshua Kimmich
92%
Thomas Muller
91%
Fabian Ruiz
90%
Joao Neves
90%
Jordi Alba
90%
Peter Schmeichel
90%
Victor Valdes
90%
Claudio Bravo
89%
Mario Mandzukic
89%
Jerome Boateng
88%
Kingsley Coman
88%
Serge Gnabry
88%
Thierry Henry
88%
Yaya Toure
88%
Leon Goretzka
87%
William Pacho
86%
Philipp Lahm
84%
Ryan Giggs
82%
Julio Cesar
81%
Benjamin Pavard
80%
Javier Zanetti
80%
Paul Scholes
80%
Roy Keane
80%
Wesley Sneijder
79%
Bastian Schweinsteiger
78%
Eric Abidal
78%
Dante
77%
Diego Milito
77%
David Beckham
75%
Javi Martinez
75%
Maicon
71%
Gary Neville
70%
Jaap Stam
70%
Lucio
68%
Andrew Cole
63%
Dwight Yorke
63%
Esteban Cambiasso
60%
Cristian Chivu
57%
Dejan Stankovic
53%
Walter Samuel
50%
Denis Irwin
44%
Ronny Johnsen
27%
No matching quizzes found
Score Distribution
Percent of People with Each Score
Percentile by Number Answered
Your Score History
You have not taken this quiz since the last reset